000 01457nab a22002897a 4500
999 _c6437
_d6437
003 OSt
005 20260203103813.0
008 190429b xxu||||| |||| 00| 0 spa d
040 _cPJ
100 _aSotile, Patricia
_96512
245 1 0 _aNo fue grooming, fue abuso sexual /
_cPatricia Sotile.
260 _cCiudad Autónoma de Buenos Aires :
_aThomson Reuters La Ley,
_b2023.
300 _ap. 159-172
500 _aCita Online: AR/DOC/2398/2023.
505 _aSumario: I. Introducción. Hechos que motivaron el cambio de calificación legal.— II. ¿Qué es el delito de grooming y por qué no procede su calificación legal en el caso?— III. Abuso sexual coactivo.— IV. Consideraciones finales.
505 _aFallo comentado: TS Córdoba, sala penal ~ 19/05/2023 ~ B., M. A. S. y otro (S., M. R.) s/ p.ss.aa homicidio calificado —reenvío de la Corte Suprema de Justicia de la Nación—.
505 _tSi te interesa el texto completo, solicitalo a koha@justierradelfuego.gov.ar
650 0 _9343
_aDERECHO PENAL
650 0 _92902
_aDELITOS CONTRA LA INTEGRIDAD SEXUAL
650 0 _92903
_aABUSO SEXUAL
650 0 _94857
_aGROOMING
650 0 _94109
_aREDES SOCIALES
650 0 _92783
_aTIPO PENAL
650 0 _94044
_aPERSPECTIVA DE GÉNERO
773 0 _02658
_93164
_tRevista de derecho penal y criminología. Nº 11 - Diciembre 2023
_dCiudad Autónoma de Buenos Aires : Thomson Reuters La Ley, 2017-
_x00347914
942 _2udc
_cANA